| 000 | 01129nam a22002297a 4500 | ||
|---|---|---|---|
| 999 |
_c12237 _d12237 |
||
| 003 | AR-CdUCM | ||
| 008 | 190403b ||||| |||| 00| 0 spa d | ||
| 040 |
_aMUNICIPALIDAD PROVINCIAL DEL CUSCO _cBIBLIOTECA MUNICIPAL DEL CUSCO |
||
| 082 |
_21ed. _aES / 373.985 / _bG88 |
||
| 100 |
_aGuevara Espinoza, Antonio _928362 |
||
| 245 |
_aHistoria del Perú en el proceso americano y mundial : _b(El Perú colonial y la edad moderna) Tercer grado de primaria / |
||
| 260 |
_aLima : _bBruño, _c1992. |
||
| 300 |
_a232 paginas ; _bilustraciones, dibujos, _c24 cm. |
||
| 500 | _aHistoria | ||
| 505 | _aContenido :La expansión Europea y la conquista de América -- Colonización y establecimiento del virreinato del Perú -- El mercantilismo y la estructura económica del Perú colonial -- El absolutismo y la organización política administrativa del virreinato del Perú -- La cultura occidental y la identidad nacional en las colonias hispanoamericanas ... | ||
| 650 |
_aHistoria _9136 |
||
| 650 |
_aMundial _911401 |
||
| 650 |
_aAmericano _928411 |
||
| 650 |
_aLiteratura _983 |
||
| 942 |
_2ddc _cLIBROS |
||
| 945 |
_arum _d2019-04-08 |
||